• 首页
  • 本馆介绍
  • 公告通知
  • 最新文献
  • 馆藏检索
  • 电子资源
  • 读者导购
  • 参考咨询
  • 我的图书馆
  • 登录
  • 详细信息显示
  • 放入我的书架
  • 预约/预借图书
  • 作者相关作品
  • 分类相关作品
  • 丛书相关作品
  • 出版社相关作品

书目信息

  • 表格格式
  • 工作单格式
  • 卡片格式
题名:
AutoCAD 2010建筑制图实例教程
    
 
作者: 王芳 , 李井永 主编
分册:  
出版信息: 北京   清华大学出版社  2010
页数: 235页
开本: 26cm
丛书名:
单 册:
中图分类: TU204-39
科图分类:
主题词: 建筑制图--AutoCAD软件--高等教育--教材
电子资源:
ISBN: 978-7-81123-849-5
000 00875nam0 2200253 450
001 012015000767
005 20150911083428.81
010    @a978-7-81123-849-5@dCNY23.00
100    @a20091222d2010 em y0chiy50 ea
101 0  @achi
102    @aCN@b110000
105    @ay z 000yy
106    @ar
200 1  @aAutoCAD 2010建筑制图实例教程@AAutoCAD 2010 jian zhu zhi tu shi li jiao cheng@f王芳,李井永主编
210    @a北京@c清华大学出版社@c北京交通大学出版社@d2010
215    @a235页@d26cm
300    @a21世纪高职高专规划教材·计算机系列
330    @a本书内容包括:二维基本绘图命令、二维图形编辑、精确绘图、文字和表格、工程标注、样板文件等。
606 0  @a建筑制图@xAutoCAD软件@x高等教育@j教材
690    @aTU204-39@v5
701  0 @a王芳@Awang fang@4主编
701  0 @a李井永@Ali jing yong@4主编
801  0 @aCN@b碧洲教育@c20150718
905    @a10447@f4@dTU204-39@e675
    
    AutoCAD 2010建筑制图实例教程/王芳,李井永主编.-北京:清华大学出版社:北京交通大学出版社,2010
    235页;26cm
    21世纪高职高专规划教材·计算机系列
    
    ISBN 978-7-81123-849-5:CNY23.00
    本书内容包括:二维基本绘图命令、二维图形编辑、精确绘图、文字和表格、工程标注、样板文件等。
●
相关链接 在E读中查询图书 在五车中查询图书 在当当中查询图书 在豆瓣中查询图书


正题名:AutoCAD 2010建筑制图实例教程     索取号:TU204-39/675         预约/预借

序号 登录号 条形码 馆藏地/架位号 状态 备注
1 0848106   208481061   第二样本阅览室/ [索取号:TU204-39/675] 在馆    
2 0848107   208481070   第三借阅区/ [索取号:TU204-39/675] 在馆    
3 0848108   208481089   第三借阅区/ [索取号:TU204-39/675] 在馆    
4 0848109   208481098   密集书库—计算机科学学院/ [索取号:TU204-39/675] 在馆    
唐山师范学院图书馆 欢迎您!
大连网信软件有限公司© 版权所有